Language and its structure: some fundamental linguistic concepts
Saved in:
| Hovedforfatter: | |
|---|---|
| Format: | Bog |
| Sprog: | engelsk |
| Udgivet: |
Nueva York
Harcourt, Brace & World
1968
|
| Fag: | |
| Tags: |
Tilføj Tag
Ingen Tags, Vær først til at tagge denne postø!
|
MARC
| LEADER | 00000nam a2200000 a 4500 | ||
|---|---|---|---|
| 001 | UCQ2497 | ||
| 003 | CL-VaPUC | ||
| 008 | 980724e19680000US |||||||||||||||||eng|d | ||
| 020 | |a 0155491911 | ||
| 082 | 0 | 4 | |a 410 |b LAN |2 21 |
| 100 | |a Langacker, Ronald W |e author |9 461334 | ||
| 245 | 1 | 0 | |a Language and its structure: some fundamental linguistic concepts |
| 300 | |a 260 p | ||
| 942 | |c BK | ||
| 945 | |d 19980724 00:00:00 |a crobeson | ||
| 260 | |a Nueva York |b Harcourt, Brace & World |c 1968 | ||
| 650 | 0 | |a Lenguaje |9 265069 | |
| 650 | 0 | |a Lingüística |9 265068 | |
| 650 | 7 | |a TEORIA LINGUISTICA |2 CL-VaPUC |9 334835 | |
| 650 | 0 | |a Psicolingüística |9 283371 | |
| 650 | 0 | |a Sociolingüística |9 263716 | |
| 650 | 0 | |a Gramática |9 270497 | |
| 650 | 0 | |a Semántica |9 265318 | |
| 650 | 0 | |a Fonología |9 341074 | |
| 650 | 0 | |a Cambio lingüístico |9 316396 | |
| 583 | |a last modification |c 19980724 00:00:00 |k Rodrigo Vera | ||
| 999 | |c 273315 |d 273313 | ||
| 952 | |0 0 |1 0 |4 0 |6 410_000000000000000_LAN_1968 |7 0 |8 A |9 308753 |a BIBEDU |b BIBEDU |d 2019-11-20 |i 1448196 |o 410 LAN 1968 |p 1448196 |r 2019-11-20 |w 2019-11-20 |y BK |k LIT | ||
| 952 | |0 0 |1 0 |4 0 |6 410_000000000000000_LAN_1968 |7 0 |8 A |9 308754 |a FDOPOS |b FDOPOS |d 2019-11-20 |i 4313321 |o 410 LAN 1968 |p 4313321 |r 2025-01-22 |w 2019-11-20 |y BK |k MLA | ||
| 952 | |0 0 |1 0 |4 0 |6 410_000000000000000_LAN_1968 |7 0 |8 A |9 308755 |a FDOPOS |b FDOPOS |d 2019-11-20 |i 4274423 |o 410 LAN 1968 |p 4274423 |r 2025-01-22 |w 2019-11-20 |y BK |k MLA | ||